[Event "Doroshkevicha Mem"]
[Site "Belorechensk RUS"]
[Date "2009.05.26"]
[Round "4"]
[White "Tunik,G"]
[Black "Anoshkin,A1"]
[Result "1/2-1/2"]
[WhiteElo "2499"]
[BlackElo "2407"]

1.d4 Nf6 2.c4 e6 3.Nf3 b6 4.g3 Ba6 5.Qb3 Nc6 6.Nbd2 Na5 7.Qc3 Bxc4 8.Nxc4 Nd5
9.Qd3 Nb4 10.Qd1 Nxc4 11.a3 Nc6 12.e4 Nd6 13.e5 Nf5 14.Bh3 g6 15.O-O Bg7
16.Re1 Nfe7 17.Bg2 h6 18.h4 a5 19.Qd3 Qc8 20.Bd2 Qa6 21.Qc2 Nd5 22.Rad1 Rc8
23.Qa4 b5 24.Qc2 a4 25.Qd3 Qb6 26.Rc1 Bf8 27.Re4 Na5 28.Bxa5 Qxa5 29.Re2 Be7
30.Nh2 b4 31.axb4 Nxb4 32.Qd2 c6 33.Ng4 Ra8 34.Nf6+ Bxf6 35.Rc5 Be7 36.Rxa5 Rxa5
37.Re3 h5 38.Rf3 O-O 39.Rf4 a3 40.bxa3 Rxa3 41.Be4 Nd5 42.Rf3 Rxf3 43.Bxf3 Ra8
44.Qb2 Nb4 45.Be4 Ra2 46.Qc3 Kg7 47.Kg2 Ra4 48.Qb3 Ra2 49.Qc3  1/2-1/2

[Event "Doroshkevicha Mem"]
[Site "Belorechensk RUS"]
[Date "2009.05.27"]
[Round "5"]
[White "Lugovskoy,D"]
[Black "Karabakhsjan,A"]
[Result "0-1"]
[WhiteElo "1958"]
[BlackElo "2344"]

1.Nf3 Nf6 2.c4 e6 3.d4 b6 4.g3 Ba6 5.b3 Bb7 6.Bg2 Bb4+ 7.Bd2 a5 8.O-O O-O
9.a3 Bxd2 10.Nbxd2 Ne4 11.Qc2 Nxd2 12.Nxd2 Bxg2 13.Kxg2 f5 14.e4 Nc6 15.d5 Ne7
16.dxe6 dxe6 17.exf5 exf5 18.f4 Nc6 19.Nf3 Qf6 20.Rad1 Rad8 21.Rxd8 Rxd8
22.Rd1 g6 23.Rxd8+ Qxd8 24.Qe2 Qe7 25.Qxe7 Nxe7 26.Ne5 Kg7 27.Kf3 Kf6 28.Nd7+ Kf7
29.Ne5+ Kf6 30.Nd7+ Ke6 31.Nf8+ Kd6 32.Nxh7 Kc5 33.Ke3 a4 34.Kd3 axb3 35.Kc3 b2
36.Kxb2 Kxc4 37.Kc2 c5 38.g4 fxg4 39.Nf6 Nd5 40.Nxg4 Nxf4 41.Ne5+ Kd4 42.Nd7 b5
43.Nb6 Nd5 44.Nd7 Ne3+ 45.Kb3 Nc4 46.Ka2 Ne5 47.Nf6 Nd3  0-1

[Event "Doroshkevicha Mem"]
[Site "Belorechensk RUS"]
[Date "2009.05.29"]
[Round "7"]
[White "Pushkov,N"]
[Black "Karabakhsjan,A"]
[Result "1-0"]
[WhiteElo "2499"]
[BlackElo "2344"]

1.d4 Nf6 2.Nf3 e6 3.c4 b6 4.g3 Ba6 5.b3 Bb7 6.Bg2 Bb4+ 7.Bd2 a5 8.O-O O-O
9.Bf4 Nh5 10.Bc1 a4 11.bxa4 Bc6 12.Qb3 Qe7 13.a3 Ba5 14.d5 exd5 15.cxd5 Bb7
16.Nd4 d6 17.Bb2 Nd7 18.Qf3 Nhf6 19.Nf5 Qd8 20.Qf4 Ne5 21.Nc3 Bc8 22.Nb5 Nh5
23.Qe4 Qg5 24.Nfd4 Nf6 25.Qc2 Qh5 26.Nxc7 Nfg4 27.h3 Nf6 28.Nxa8 Bxh3 29.Nf3 Bf5
30.Qb3 Rxa8 31.Rfd1 Be4 32.Nxe5 Qxe2 33.Bxe4 Nxe4 34.Qf3 Qxb2 35.Qxe4 Qxe5
36.Qxe5 dxe5 37.Rac1 Rd8 38.Kg2 Kf8 39.Kf3 f5 40.g4 fxg4+ 41.Kxg4 Ke7 42.Rc7+ Kf6
43.Kf3 Kf5 44.Rxg7 e4+ 45.Ke3 Rc8 46.Rf7+ Ke5 47.Re7+ Kd6 48.Rxh7 Rc3+ 49.Kxe4 Rxa3
50.Rh6+ Kd7 51.d6 Rxa4+ 52.Kd5 Rf4 53.Rh7+ Ke8 54.Rc1  1-0

[Event "Maia Chiburdanidze Cup"]
[Site "Tbilisi GEO"]
[Date "2009.06.05"]
[Round "1"]
[White "Bokuchava,M"]
[Black "Mkrtchian,L"]
[Result "0-1"]
[WhiteElo "2120"]
[BlackElo "2479"]

1.d4 e6 2.c4 Nf6 3.Nf3 b6 4.g3 Ba6 5.b3 b5 6.Bg2 bxc4 7.Ne5 Bb4+ 8.Bd2 cxb3
9.axb3 Bxd2+ 10.Nxd2 d5 11.b4 Qd6 12.Qb3 Bb5 13.Qc3 Na6 14.Rb1 O-O 15.Bf3 Rfb8
16.O-O Nd7 17.Rfc1 Nxe5 18.dxe5 Qf8 19.e3 Rb6 20.Bd1 Rc8 21.Nf3 Bc4 22.Nd2 Bb5
23.Nf3 Bd7 24.Qa3 Nxb4 25.Qxa7 Nc6 26.Qa2 Ra8 27.Qd2 Rxb1 28.Rxb1 h6 29.Bc2 Qa3
30.Kg2 Rb8 31.Nd4 Rxb1 32.Bxb1 Nxe5 33.Qc2 c5 34.Qh7+ Kf8 35.Qh8+ Ke7 36.Qxg7 cxd4
37.Qxe5 dxe3 38.fxe3 Qc1 39.Bh7 Qd2+ 40.Kg1 Qe1+ 41.Kg2 Qe2+ 42.Kg1 Qe1+
43.Kg2 Qe2+ 44.Kg1 Bb5 45.Qf4 Qe1+ 46.Kg2 Qd2+ 47.Kg1 Qc1+ 48.Kg2 Qb2+ 49.Kg1 e5
50.Qf3  0-1

[Event "FSIMB June"]
[Site "Budapest HUN"]
[Date "2009.06.06"]
[Round "1"]
[White "Binder,Mi"]
[Black "Petran,Pa"]
[Result "1/2-1/2"]
[WhiteElo "2184"]
[BlackElo "2361"]

1.d4 Nf6 2.Nf3 e6 3.c4 b6 4.g3 Ba6 5.Qc2 Bb7 6.Bg2 c5 7.d5 exd5 8.cxd5 Nxd5
9.Qb3 Nc7 10.Ne5 d5 11.Nc3 Be7 12.Bf4 O-O 13.O-O-O Nba6 14.Bxd5 Nxd5 15.Nxd5 c4
16.Qb5 Qe8 17.Nd7 c3 18.Nxe7+ Qxe7 19.Bd6 Qe6 20.Nxf8 Qxa2 21.bxc3 Bxh1 22.Rxh1 Qa1+
23.Qb1 Qxc3+ 24.Qc2 Qa1+ 25.Kd2 Qa5+ 26.Kc1 Qa1+ 27.Kd2 Qa5+ 28.Kc1 Qa1+
29.Kd2  1/2-1/2

[Event "FSIMB June"]
[Site "Budapest HUN"]
[Date "2009.06.08"]
[Round "3"]
[White "Binder,Mi"]
[Black "Kjartansson,G"]
[Result "0-1"]
[WhiteElo "2184"]
[BlackElo "2388"]

1.d4 Nf6 2.c4 e6 3.Nf3 b6 4.g3 Ba6 5.Qc2 Bb4+ 6.Bd2 Be7 7.Bg2 d5 8.Ne5 c6
9.b3 O-O 10.Bc3 Nfd7 11.Nxd7 Nxd7 12.Nd2 f5 13.O-O Bd6 14.Bb2 Rc8 15.Qd1 Qe7
16.Rc1 b5 17.Rc2 bxc4 18.bxc4 Bb4 19.c5 e5 20.Nb3 Rb8 21.Bc3 Bxc3 22.Rxc3 e4
23.Qd2 g5 24.Na5 Rbc8 25.f4 g4 26.Rb1 Rc7 27.Rcb3 Nf6 28.e3 Kg7 29.Bf1 Bc8
30.Qb4 Kg6 31.Qa4 Qd7 32.Rb8 Rf7 33.R1b2 h5 34.Kf2 Rh7 35.Nb3 h4 36.Nd2 hxg3+
37.hxg3 Nh5 38.Ba6 Nxg3 39.Kxg3 Qe7 40.Nf1 Qh4+ 41.Kg2 Qh3+ 42.Kf2 g3+ 43.Ke1 Bxa6
44.Qxa6 g2 45.Rg8+ Rhg7 46.Rxg7+ Kxg7 47.Kf2 Qh1  0-1

[Event "Maia Chiburdanidze Cup"]
[Site "Tbilisi GEO"]
[Date "2009.06.10"]
[Round "6"]
[White "Tsatsalashvili,K"]
[Black "Galojan,L"]
[Result "1/2-1/2"]
[WhiteElo "2254"]
[BlackElo "2323"]

1.d4 Nf6 2.c4 e6 3.Nf3 b6 4.g3 Ba6 5.b3 b5 6.Bg2 bxc4 7.Ne5 Bb4+ 8.Bd2 cxb3
9.axb3 Bxd2+ 10.Qxd2 d5 11.Qb4 Qd6 12.Qa4+ c6 13.Nc3 O-O 14.Qa3 Qd8 15.O-O Nfd7
16.Nxd7 Qxd7 17.Rfc1 Re8 18.e3 Qe7 19.Qxe7 Rxe7 20.Na4 Rb7 21.Nc5 Rb6 22.f3 Bb5
23.Bf1 Bxf1 24.Kxf1 Kf8 25.Ra3 Ke7 26.Rca1 a6 27.Ke2 Kd6 28.Kd2 f6 29.f4 Ra7
30.Kd3 h5 31.h3 Re7 32.Rf1 Rb5  1/2-1/2

[Event "Maia Chiburdanidze Cup"]
[Site "Tbilisi GEO"]
[Date "2009.06.11"]
[Round "7"]
[White "Javakhishvili,L"]
[Black "Tsatsalashvili,K"]
[Result "1-0"]
[WhiteElo "2463"]
[BlackElo "2254"]

1.d4 Nf6 2.c4 e6 3.Nf3 b6 4.g3 Ba6 5.b3 Bb4+ 6.Bd2 Be7 7.Nc3 d5 8.cxd5 exd5
9.Bg2 O-O 10.O-O c6 11.Bf4 Nbd7 12.Qc2 Nh5 13.Bc1 f5 14.a3 Bb7 15.Ne5 Bd6
16.f4 Qe7 17.b4 a6 18.Na4 Bxe5 19.fxe5 g6 20.Bh6 Ng7 21.Nb2 Rfc8 22.Bxg7 Kxg7
23.Nd3 Nf8 24.Nf4 Ne6 25.Nxe6+ Qxe6 26.g4 Rf8 27.gxf5 Rxf5 28.e4 Rg5 29.Rf6 Qg4
30.Raf1 Kg8 31.Rf7 Bc8 32.R7f4 Qh3 33.Kh1 Rxg2 34.Qxg2 Qxg2+ 35.Kxg2 Be6
36.Rf6 Re8 37.Rc1 dxe4 38.Rxc6 Bg4 39.Kg3 Bd1 40.Kf4  1-0

[Event "Open"]
[Site "Varna BUL"]
[Date "2009.06.12"]
[Round "1"]
[White "Sychev,K"]
[Black "Kazimova,N"]
[Result "0-1"]
[WhiteElo "2126"]
[BlackElo "2211"]

1.d4 Nf6 2.c4 e6 3.Nf3 b6 4.g3 Ba6 5.b3 Bb4+ 6.Bd2 Be7 7.Bg2 c6 8.Bc3 d5
9.Ne5 Nfd7 10.Nxd7 Nxd7 11.Nd2 f5 12.O-O O-O 13.a4 Rb8 14.b4 Nf6 15.b5 Bb7
16.a5 Qe8 17.Qb3 dxc4 18.Nxc4 cxb5 19.Ne3 Bd8 20.axb6 Bxb6 21.Nxf5 Bxg2 22.Kxg2 Ne4
23.Ne3 Qc6 24.Bb4 Bxd4 25.Rac1 Nc5+ 26.Kg1 Qb6 27.Qa3 Rfc8 28.Rfd1 Na4 29.Rxc8+ Rxc8
30.Ng4 a6 31.Qd3 Rc4 32.Bd2 Nb2 33.Qf3 Nxd1  0-1

[Event "13th Open"]
[Site "Voronezh RUS"]
[Date "2009.06.12"]
[Round "1"]
[White "Bets,A"]
[Black "Zakhartsov,Vi"]
[Result "0-1"]
[WhiteElo "2309"]
[BlackElo "2550"]

1.d4 Nf6 2.c4 e6 3.Nf3 b6 4.g3 Ba6 5.b3 Bb4+ 6.Bd2 Be7 7.Bg2 c6 8.Bc3 d5
9.Ne5 Nbd7 10.Nxd7 Nxd7 11.Nd2 O-O 12.O-O f5 13.Rc1 Rc8 14.Rc2 Bd6 15.Qa1 Qe7
16.Bb2 Bb7 17.Rfc1 Nf6 18.a3 a5 19.Nf3 Ne4 20.Ne1 f4 21.Nf3 fxg3 22.hxg3 g5
23.e3 g4 24.Ne5 Bxe5 25.dxe5 Ng5 26.cxd5 exd5 27.b4 axb4 28.axb4 Ra8 29.Qb1 Qe6
30.Bd4 Qh6 31.Rc3 Nf3+ 32.Bxf3 gxf3 33.R1c2 Ba6 34.e4 Qh3 35.Rxf3 Rxf3 36.Qc1 Qg4
37.Rxc6 Bd3 38.Qe1 Bxe4 39.Qd2 Rxg3+ 40.fxg3 Qxg3+ 41.Kf1 Bd3+  0-1

[Event "Open"]
[Site "Teplice CZE"]
[Date "2009.06.14"]
[Round "2"]
[White "Straka,Jos"]
[Black "Likavsky,T"]
[Result "0-1"]
[WhiteElo "2216"]
[BlackElo "2487"]

1.d4 Nf6 2.c4 e6 3.Nf3 b6 4.g3 Ba6 5.Qa4 Bb7 6.Bg2 c5 7.dxc5 bxc5 8.O-O Be7
9.Nc3 O-O 10.Bf4 a6 11.Rfd1 d6 12.Rd2 Qc7 13.Rad1 Rd8 14.a3 h6 15.Qc2 Nc6
16.e4 Nd4 17.Qb1 Rab8 18.Be3 Nb3 19.Re2 Ng4 20.h3 Nxe3 21.Rxe3 Bf6 22.Red3 Ba8
23.Nd2 Nd4 24.Nf1 Rb3 25.Qa2 Rdb8 26.Nb5 axb5 27.Rxb3 Nxb3 28.Qxb3 bxc4 29.Qxc4 Bxb2
30.Rd3 Bc6 31.Rb3 Rxb3 32.Qxb3 Qb7 33.Qd3 Bd4 34.Ne3 Qb5 35.Qd1 Qb2 36.Qd3 Bb5  0-1

[Event "Open"]
[Site "Varna BUL"]
[Date "2009.06.14"]
[Round "3"]
[White "Aleksandrov,G"]
[Black "Vachev,V"]
[Result "0-1"]
[WhiteElo "2245"]
[BlackElo "2139"]

1.d4 Nf6 2.c4 e6 3.Nf3 b6 4.g3 Ba6 5.Qc2 Bb7 6.Bg2 Be4 7.Qb3 Nc6 8.Qd1 Bb4+
9.Nc3 Bxc3+ 10.bxc3 O-O 11.O-O d6 12.Nd2 Bxg2 13.Kxg2 e5 14.d5 Na5 15.e4 Qe8
16.a4 Nd7 17.Ba3 Nb7 18.Nb3 a5 19.Qe2 f5 20.exf5 Rxf5 21.Nd2 Nbc5 22.Bxc5 Nxc5
23.Qg4 Qd7 24.Qd1 Raf8 25.Qc2 Rh5 26.h4 Rxh4 27.Rh1 Rxh1 28.Rxh1 Qf5 29.Qxf5 Rxf5
30.Ra1 h6 31.f3 Kh7 32.Ne4 Nxe4 33.fxe4 Rf6 34.Rh1 Kg6 35.Re1 Kg5 36.Rh1 Kg6
37.Rh4 Kf7 38.Rh1 g5 39.Re1 Kg6 40.Re3 g4 41.Rd3 Kg5 42.Re3 h5 43.Rd3 h4
44.gxh4+ Kxh4 45.Rg3 Kg5 46.Re3 Rf7 47.Rg3 Kf4 48.Kf2 Rh7 49.Rg1 Rh3 50.Rc1 Kxe4  0-1

[Event "zt 2.4"]
[Site "Rio de Janeiro BRA"]
[Date "2009.06.16"]
[Round "9"]
[White "Moreno,W"]
[Black "Mecking,H"]
[Result "1/2-1/2"]
[WhiteElo "2190"]
[BlackElo "2556"]

1.d4 Nf6 2.c4 e6 3.Nf3 b6 4.g3 Ba6 5.b3 Bb4+ 6.Bd2 Be7 7.Bg2 c6 8.Bc3 d5
9.Nbd2 Nbd7 10.O-O O-O 11.Re1 c5 12.e4 dxe4 13.Ng5 Bb7 14.Ndxe4 Qc7 15.dxc5 bxc5
16.Qc2 Nxe4 17.Nxe4 Rfe8 18.Rad1 f5 19.Nd6 Bxd6  1/2-1/2

[Event "Open"]
[Site "Varna BUL"]
[Date "2009.06.16"]
[Round "6"]
[White "Komarov,Di"]
[Black "Parligras,M"]
[Result "1/2-1/2"]
[WhiteElo "2530"]
[BlackElo "2586"]

1.d4 Nf6 2.Nf3 e6 3.c4 b6 4.g3 Ba6 5.b3 Bb4+ 6.Bd2 Be7 7.Bg2 c6 8.Bc3 d5
9.Ne5 Nbd7 10.Nxd7 Nxd7 11.Nd2 O-O  1/2-1/2

[Event "XXVII Open A"]
[Site "Balatonlelle HUN"]
[Date "2009.06.18"]
[Round "6"]
[White "Pataki,G"]
[Black "Nemeth,Mi1"]
[Result "1/2-1/2"]
[WhiteElo "2313"]
[BlackElo "2472"]

1.d4 Nf6 2.c4 e6 3.Nf3 b6 4.g3 Ba6 5.Qa4 Be7 6.Bg2 O-O 7.O-O c6 8.Nc3 d5
9.cxd5 b5 10.Qd1 cxd5 11.Bg5 Nbd7 12.Bxf6 Bxf6 13.Qd2 b4 14.Nd1 Bb5 15.b3 a5
16.Nb2 Qb6 17.Rfc1 Rfc8 18.e3 Qa6 19.Bf1 Bxf1 20.Rxf1 Nb6 21.Rfc1  1/2-1/2

[Event "13th Master Open"]
[Site "Voronezh RUS"]
[Date "2009.06.18"]
[Round "7"]
[White "Bets,A"]
[Black "Airapetian,G"]
[Result "0-1"]
[WhiteElo "2309"]
[BlackElo "2369"]

1.d4 e6 2.c4 Nf6 3.Nf3 b6 4.g3 Ba6 5.b3 Bb4+ 6.Bd2 Be7 7.Bg2 c6 8.Bc3 d5
9.Ne5 Nfd7 10.Nxd7 Nxd7 11.Nd2 O-O 12.O-O Rc8 13.e4 b5 14.exd5 cxd5 15.c5 b4
16.Bxb4 Bxf1 17.Qxf1 e5 18.Rc1 exd4 19.Qb5 a6 20.Qxa6 Bxc5 21.Bxc5 Nxc5 22.Qb5 Qg5
23.Rd1 Ne6 24.Qxd5 Qh6 25.Nc4 Rfd8 26.Qb7 Nc5 27.Qa7 Qh5 28.Rd2 d3 29.h3 Qe2
30.Qa5 Qe1+ 31.Kh2 Ne4 32.Bxe4 Qxe4 33.Qc3 h5 34.h4 Qe1 35.Kg2 Qe4+ 36.Kh2 Rd5
37.Qb2 Rcd8 38.Ne3 R5d6 39.Ng2 g6 40.Ne3 Rc8 41.Nc4 Re6 42.Qc3 Rd8 43.a4 Qe1
44.Ne3 Rc6 45.Nc4 Kh7 46.Kg2 Qe4+ 47.Kh2 Re6 48.Ne3 Rc6 49.Nc4 f5 50.Qa5 Qd4
51.Qb5 Re6 52.Qb7+ Rd7 53.Qf3 Re1 54.Nb2 Qe4 55.Qxe4 fxe4 56.Kg2 Rb7 57.Nc4 Rxb3
58.Ra2 Rbb1 59.f4 Re2+  0-1

[Event "VI Moncada Elite"]
[Site "Santiago de Cuba CUB"]
[Date "2009.06.20"]
[Round "6"]
[White "Bruzon Batista,L"]
[Black "Gonzalez Vidal,Y"]
[Result "0-1"]
[WhiteElo "2617"]
[BlackElo "2507"]

1.d4 Nf6 2.c4 e6 3.Nf3 b6 4.g3 Ba6 5.b3 Bb4+ 6.Bd2 Be7 7.Nc3 O-O 8.Rc1 d5
9.cxd5 Nxd5 10.Nxd5 exd5 11.Bg2 Re8 12.Be3 Bb4+ 13.Kf1 Nd7 14.Ne1 Nf6 15.Bf3 Ne4
16.Nd3 Bd6 17.Kg2 Qf6 18.Ne5 Bb7 19.b4 Ng5 20.Bxg5 Qxg5 21.Nc6 Ba6 22.Qb3 Bxe2
23.Bxd5 Qf5 24.Rhe1 Rac8 25.Nxa7 Bxb4 26.Nxc8 Bxe1 27.Rxe1 Bf3+ 28.Bxf3 Rxe1
29.Qb4 Qe6 30.d5 Qe5 31.Nxb6 cxb6 32.d6 Qa1 33.h4 Rh1 34.Be4 Qf1+ 35.Kf3 Qd1+
36.Kg2 Qf1+ 37.Kf3 Qd1+ 38.Kf4 Qc1+ 39.Kg4 h5+ 40.Kxh5 g6+ 41.Bxg6 fxg6+
42.Kxg6 Qc2+ 43.Kh6 Qh7+ 44.Kg5 Qg7+ 45.Kf5 Qf7+ 46.Kg5 Rd1 47.f4 Rd5+ 48.Kg4 Qe6+
49.Kf3 Rxd6 50.Kg2 Qxa2+  0-1

[Event "13th Master Open"]
[Site "Voronezh RUS"]
[Date "2009.06.20"]
[Round "9"]
[White "Mukashev,A"]
[Black "Kostin,Alexe"]
[Result "0-1"]
[WhiteElo "2078"]
[BlackElo "2353"]

1.d4 Nf6 2.Nf3 e6 3.c4 b6 4.g3 Ba6 5.Qb3 Be7 6.Bg2 O-O 7.Ne5 c6 8.O-O Qc7
9.Nc3 d6 10.Nd3 Nbd7 11.Qa4 Bb7 12.e4 e5 13.d5 cxd5 14.exd5 a6 15.Re1 Rfc8
16.f4 Ng4 17.Qd1 f5 18.h3 Ngf6 19.fxe5 dxe5 20.b3 b5 21.Bb2 bxc4 22.bxc4 Qxc4
23.Nxe5 Nxe5 24.Rxe5 Bc5+ 25.Kh1 Bd4 26.Re7 Qb4 27.Qb3 Qxb3 28.axb3 Rab8
29.Nd1 Bxb2 30.Nxb2 Bxd5 31.Bxd5+ Nxd5 32.Re5 Rxb3 33.Na4 Nf6 34.Rxf5 Rxg3
35.Kh2 Re3 36.Nc5 Rb8 37.Rf2 Rb5 38.Nxa6 Rh5 39.Rg2 Rexh3+  0-1

[Event "Open"]
[Site "Albena BUL"]
[Date "2009.06.21"]
[Round "2"]
[White "Kopasov,A"]
[Black "Nikolov,Mo"]
[Result "0-1"]
[WhiteElo "2190"]
[BlackElo "2506"]

1.d4 Nf6 2.c4 e6 3.Nf3 b6 4.g3 Ba6 5.Qc2 c5 6.d5 exd5 7.cxd5 g6 8.Bg2 Bg7
9.O-O O-O 10.Nc3 Re8 11.Re1 d6 12.a4 Bc8 13.e4 Bg4 14.Nd2 Na6 15.f3 Nb4 16.Qd1 Bc8
17.Bf1 Nd7 18.Nc4 Ne5 19.Bf4 Nxc4 20.Bxc4 a6 21.Qe2 Ra7 22.Na2 Nxa2 23.Rxa2 f5
24.b3 g5 25.Bd2 fxe4 26.fxe4 Bd4+ 27.Kh1 Bf5 28.Bd3 Qf6 29.Qf3 Bg6 30.Qxf6 Bxf6
31.Kg2 Rae7 32.Kf3 h6 33.Bc1 Bc3 34.Bd2 Bd4 35.Bc1 Bh5+ 36.Kg2 Rf8 37.Rf1 Rxf1
38.Kxf1 Bd1 39.Bxa6 Bxb3 40.Re2 Bxa4 41.Bc8 Bb5  0-1

[Event "Open"]
[Site "Albena BUL"]
[Date "2009.06.24"]
[Round "5"]
[White "Vasilev,M"]
[Black "Kopasov,A"]
[Result "0-1"]
[WhiteElo "2487"]
[BlackElo "2190"]

1.d4 e6 2.c4 Nf6 3.Nf3 b6 4.g3 Ba6 5.b3 d5 6.Bg2 dxc4 7.Ne5 Bb4+ 8.Kf1 Bd6
9.Nxc4 Nd5 10.Kg1 Nc6 11.e4 Nde7 12.Nc3 Bxc4 13.bxc4 e5 14.d5 Nd4 15.f4 c5
16.Be3 f5 17.Qd3 O-O 18.Rf1 Ng6 19.Bxd4 cxd4 20.Nb5 fxe4 21.Bxe4 exf4 22.Bxg6 hxg6
23.Kg2 Qf6 24.Nxd4 Rae8 25.Ne6 Qb2+ 26.Kh3 Rf5 27.Nxf4 Bxf4 28.gxf4 Re2 29.Kg3 Rg2+
30.Kf3 g5 31.Ke3 gxf4+ 32.Rxf4 Rxf4 33.Kxf4 Qf6+ 34.Ke4 Rg4+ 35.Ke3 Qe5+
36.Kf2 Rf4+ 37.Kg2 Qg5+ 38.Qg3 Rg4 39.Rd1 Rxg3+ 40.hxg3 Qg4 41.Rd2 Qxc4 42.d6 Qc6+  0-1

[Event "Petr Izmailov Mem"]
[Site "Tomsk RUS"]
[Date "2009.06.26"]
[Round "3"]
[White "Zenzera,A"]
[Black "Pavlov,O"]
[Result "1/2-1/2"]
[WhiteElo "2085"]
[BlackElo "2328"]

1.d4 Nf6 2.c4 e6 3.Nf3 b6 4.g3 Ba6 5.b3 Bb4+ 6.Bd2 Be7 7.Bc3 d5 8.Nbd2 Nbd7
9.Bg2 c5 10.O-O Rc8 11.Bb2 O-O 12.Rc1 Qc7 13.Re1 Bb7 14.cxd5 exd5 15.dxc5 bxc5
16.Qc2 Qb6 17.h3 Rfe8 18.Ne5 Qe6 19.Nxd7 Qxd7 20.e4 d4 21.Qd3 Bf8 22.f4 Re6
23.f5 Re5 24.Rc4 Ree8 25.e5 Bxg2 26.Kxg2 Nd5 27.Ba3 g6 28.e6 Qb7 29.exf7+ Qxf7
30.fxg6 Qxg6  1/2-1/2

[Event "Petr Izmailov Mem"]
[Site "Tomsk RUS"]
[Date "2009.06.26"]
[Round "3"]
[White "Gnusarev,P"]
[Black "Bocharov,D"]
[Result "0-1"]
[WhiteElo "2373"]
[BlackElo "2606"]

1.d4 Nf6 2.c4 e6 3.Nf3 b6 4.g3 Ba6 5.Qc2 Bb7 6.Bg2 c5 7.d5 exd5 8.cxd5 Nxd5
9.O-O Be7 10.Rd1 Nc6 11.Qa4 Nf6 12.e4 O-O 13.e5 Ne8 14.Nc3 Nc7 15.Be3 f6
16.Rd2 fxe5 17.Nxe5 Nxe5 18.Bxb7 Rb8 19.Be4 d6 20.Bf4 Nf7 21.Qxa7 Bf6 22.Nd5 Ne6
23.Re1 Kh8 24.Bg2 Nd4 25.Be3 Nf5 26.Nf4 Qe8 27.Rde2 Ne5 28.Bd5 Qb5 29.b3 Rfe8
30.Nh5 Nd4 31.Bxd4 cxd4 32.Nf4 d3 33.a4 Qc5 34.b4 Qc3 35.Re3 d2 36.Rd1 Qc1
37.Bb3 Rec8 38.Qa6 Nc6 39.Qe2  0-1

[Event "XVII Open"]
[Site "Montcada i Reixac ESP"]
[Date "2009.06.28"]
[Round "3"]
[White "Sachdev,T"]
[Black "Llaneza Vega,M"]
[Result "1/2-1/2"]
[WhiteElo "2423"]
[BlackElo "2522"]

1.d4 Nf6 2.c4 e6 3.Nf3 b6 4.g3 Ba6 5.b3 Bb4+ 6.Bd2 Be7 7.Bg2 c6 8.Bc3 d5
9.Ne5 Nfd7 10.Nxd7 Nxd7 11.Nd2 O-O 12.O-O Rc8 13.e4 c5 14.exd5 exd5 15.dxc5 dxc4
16.c6 cxb3 17.Re1 Bb5 18.axb3 Bxc6 19.Bxc6 Rxc6 20.Rxa7 Nf6 21.Raxe7 Rxc3
22.Ne4 Qxe7 23.Nxc3 Qb4 24.Re3 h6  1/2-1/2

[Event "ZMD Open"]
[Site "Dresden GER"]
[Date "2009.07.01"]
[Round "8"]
[White "Kelbling,A"]
[Black "Hummel,De"]
[Result "1/2-1/2"]
[WhiteElo "1924"]
[BlackElo "2044"]

1.d4 e6 2.c4 Nf6 3.Nf3 b6 4.g3 Ba6 5.b3 d5 6.cxd5 exd5 7.Bg2 Bb4+ 8.Bd2 Bd6
9.Nc3 Nbd7 10.Nh4 c6 11.Nf5 Bf8 12.O-O h5 13.Re1 g6 14.Nh4 Be7 15.Nf3 O-O
16.Ng5 Rc8 17.h4 Bb7 18.e4 dxe4 19.Ngxe4 Nxe4 20.Nxe4 Nf6 21.Nxf6+ Bxf6 22.Be3 Qd7
23.Qf3 Bg7 24.Rad1 Rfe8 25.Kh2 Rcd8 26.Re2 Ba8 27.Red2 Re6 28.Bh3 f5 29.Bg2 Rd6
30.Qf4 Kh7 31.Kg1 Bb7 32.Kh2 Qe7 33.Qg5 Qxg5 34.Bxg5 Bf6 35.Be3 Kg7 36.Bf1 Kf7
37.Bc4+ Kf8 38.Kg1 Ke7 39.Kf1 Bc8 40.Be2 Be6 41.Bf3 Bd5 42.Bxd5 Rxd5 43.Ke2 Ke6
44.Rc1 Kd7 45.Rdc2 Rc8 46.Rd2 Re8 47.Kf3 Re6 48.Rc4 Be7 49.Ra4 a5 50.Rc4 Bb4
51.Rd3 Re8 52.Rc1 Ra8 53.a4 b5 54.Rcd1 Rb8 55.Kf4 bxa4 56.bxa4 Bd6+ 57.Kf3 Rb4
58.Ra1 Bc7 59.Rc3 Bb6 60.Rac1 Rd6 61.Rc4 Rxc4 62.Rxc4 Ke6 63.Bf4 Kd5 64.Rc2 Re6
65.Rb2 Bxd4 66.Rb8 Kc4 67.Bc7 Bc3 68.Ra8 c5 69.Bxa5 Kd3 70.Bxc3 Kxc3 71.a5 c4
72.a6 Rc6 73.a7 Ra6 74.Ke3  1/2-1/2

[Event "ZMD Open"]
[Site "Dresden GER"]
[Date "2009.07.02"]
[Round "9"]
[White "Neef,M"]
[Black "Kelbling,A"]
[Result "1/2-1/2"]
[WhiteElo "2019"]
[BlackElo "1924"]

1.d4 Nf6 2.c4 e6 3.Nf3 b6 4.g3 Ba6 5.Qc2 Bb7 6.Bg2 c5 7.d5 exd5 8.cxd5 Nxd5
9.O-O Na6 10.Rd1 Nac7 11.Ne5 Qe7 12.Bf4 Rc8  1/2-1/2

[Event "37th Greek Teams"]
[Site "Kallithea GRE"]
[Date "2009.07.05"]
[Round "5"]
[White "Barbageorgopoulou,F"]
[Black "Pavlidou,E"]
[Result "0-1"]
[WhiteElo "1809"]
[BlackElo "2179"]

1.d4 Nf6 2.c4 e6 3.Nf3 b6 4.g3 Ba6 5.b3 Bb4+ 6.Bd2 Be7 7.Bc3 d5 8.Nbd2 O-O
9.Bg2 Nbd7 10.O-O c5 11.Ne5 Rc8 12.Ndf3 Ne4 13.Bb2 f6 14.Nxd7 Qxd7 15.cxd5 exd5
16.dxc5 bxc5 17.Nd2 Qe6 18.Qc2 f5 19.Rfd1 Bg5 20.Nf3 Bf6 21.Bxf6 Qxf6 22.Rac1 d4
23.Qb2 Rfe8 24.Rc2 Re6 25.b4 Rb8 26.a3 Nc3 27.Rdd2 Rbe8 28.Bf1 Rb8 29.Qc1 f4
30.Rb2 fxg3 31.hxg3 d3 32.Ne1 dxe2 33.Bg2 Nd1  0-1

[Event "19th Heart of Finland Open"]
[Site "Jyvaskyla FIN"]
[Date "2009.07.08"]
[Round "2"]
[White "Lehtivaara,P"]
[Black "Eloranta,K"]
[Result "1-0"]
[WhiteElo "2369"]
[BlackElo "2071"]

1.d4 Nf6 2.c4 e6 3.Nf3 b6 4.g3 Ba6 5.Qa4 Bb7 6.Bg2 Be7 7.O-O O-O 8.Rd1 d6
9.Nc3 Ne4 10.Bd2 Nd7 11.Be1 f5 12.Qc2 Bf6 13.d5 Nxc3 14.Bxc3 Bxc3 15.Qxc3 e5
16.b4 Qe7 17.Nd2 a5 18.a3 Ra7 19.Nb3 axb4 20.axb4 Rfa8 21.Rxa7 Rxa7 22.Ra1 Rxa1+
23.Qxa1 Qf8 24.Bh3 b5 25.Na5 Bc8 26.cxb5 Nb6 27.Nc6 Nxd5 28.e4 Ne7 29.Nxe7+ Qxe7
30.Qa8 Qe8 31.Bxf5 Bd7 32.Qd5+ Kh8 33.Bxd7  1-0

[Event "IM"]
[Site "Saint-Lo FRA"]
[Date "2009.07.08"]
[Round "2"]
[White "Coursaget,N"]
[Black "Jolly,J"]
[Result "0-1"]
[WhiteElo "2339"]
[BlackElo "2366"]

1.d4 Nf6 2.Nf3 e6 3.c4 b6 4.g3 Ba6 5.Qc2 Bb4+ 6.Bd2 Be7 7.Bg2 O-O 8.O-O d5
9.Ne5 c6 10.cxd5 cxd5 11.Nc3 Nfd7 12.Nxd7 Qxd7 13.Rfd1 Nc6 14.Qa4 Qb7 15.Be1 b5
16.Qc2 b4 17.Nb1 Rac8 18.Qd2 Bb5 19.e3 Na5 20.b3 Qa6 21.Bf3 Nxb3 22.axb3 Qxa1  0-1

[Event "19th Heart of Finland Open"]
[Site "Jyvaskyla FIN"]
[Date "2009.07.09"]
[Round "4"]
[White "Lehtivaara,P"]
[Black "Swinkels,R"]
[Result "1/2-1/2"]
[WhiteElo "2369"]
[BlackElo "2516"]

1.d4 Nf6 2.c4 e6 3.Nf3 b6 4.g3 Ba6 5.b3 Bb7 6.Bg2 Bb4+ 7.Bd2 a5 8.O-O O-O
9.Nc3 d6 10.a3 Bxc3 11.Bxc3 Nbd7 12.Rc1 Qb8 13.Bb2 Rc8 14.Ne1 Bxg2 15.Nxg2 c6
16.a4 b5 17.cxb5 cxb5 18.Rxc8+ Qxc8 19.axb5 Qb7 20.Qd3 Rb8 21.Ra1 Qxb5 22.Qxb5 Rxb5
23.Bc3 Rxb3 24.Bxa5 h6 25.f3 d5 26.Bd8 Ne8 27.Ra7 Nb8 28.Bc7 Nxc7  1/2-1/2

[Event "37th Greek Teams"]
[Site "Kallithea GRE"]
[Date "2009.07.09"]
[Round "9"]
[White "Banikas,H"]
[Black "Papadopoulos,I"]
[Result "1-0"]
[WhiteElo "2598"]
[BlackElo "2450"]

1.d4 Nf6 2.c4 e6 3.Nf3 b6 4.g3 Ba6 5.Nbd2 c5 6.Bg2 Bb7 7.e4 d5 8.exd5 exd5
9.O-O Be7 10.dxc5 bxc5 11.Nh4 g6 12.cxd5 Bxd5 13.Nc4 O-O 14.Bg5 Bxg2 15.Kxg2 Nc6
16.Re1 Nd4 17.Nf3 Ne6 18.Bh6 Re8 19.Qxd8 Rexd8 20.Bd2 Nd5 21.Ba5 Re8 22.Rad1 Nb6
23.Nfe5 Nxc4 24.Nxc4 Bf6 25.Rd7 Re7 26.Rxe7 Bxe7 27.Re3 Rb8 28.Bc3 Rd8 29.Ne5 Bf8
30.Ng4 f5 31.Rxe6 fxg4 32.Re4 h5 33.Ra4 Rd7 34.Ra6 Bd6 35.h3 gxh3+ 36.Kxh3 Kf7
37.f4 Be7 38.Kg2 h4 39.gxh4 Bxh4 40.Kf3 Be7 41.Ke4 Bh4 42.a4 Be7 43.Be5 Rb7
44.Kd5 g5 45.Kc6 Rb3 46.Rxa7 Ke6 47.fxg5 Kxe5 48.Rxe7+ Kd4 49.Rd7+ Kc4 50.Rd5  1-0

[Event "ch-SUI"]
[Site "Graechen SUI"]
[Date "2009.07.10"]
[Round "2"]
[White "Rindlisbacher,J"]
[Black "Klauser,M"]
[Result "0-1"]
[WhiteElo "2100"]
[BlackElo "2386"]

1.d4 Nf6 2.c4 e6 3.Nf3 b6 4.g3 Ba6 5.b3 Bb4+ 6.Bd2 Be7 7.Bg2 c6 8.O-O O-O
9.Bc3 d5 10.Ne5 Nfd7 11.Nxd7 Nxd7 12.Nd2 f5 13.Bb2 Bd6 14.Qc1 Qe7 15.Qc2 Rac8
16.Rac1 c5 17.Qd1 cxd4 18.Bxd4 Ba3 19.Rc2 Nf6 20.Bxf6 Qxf6 21.Nb1 Bc5 22.cxd5 Rfd8
23.Qd2 exd5 24.b4 Bxb4 25.Qxb4 Rxc2 26.Qa4 Bxe2 27.Qxc2 Bxf1 28.Bxf1 g6 29.Nd2 Qd6
30.Nf3 Re8 31.Qc3 Qc5 32.Qf6 Qe7 33.Qc6 Qe6 34.Qa4 Re7 35.Qb3 Qd6 36.Qd3 Qc5
37.Nd2 Rd7 38.Nb3 Qe7 39.Qd2 d4 40.Bd3 a5 41.Nc1 Qc5 42.Ne2 Kg7 43.h4 Qb4
44.Qf4 Qd6 45.Qg5 Qe7 46.Qxe7+ Rxe7 47.Nxd4 Rd7 48.Ne6+ Kf6 49.Nf4 Ke5 50.Bb5 Rd1+
51.Kg2 Rb1 52.a4 Rxb5 53.axb5 Kd4 54.Kf1 a4 55.Ne2+ Kc4 56.Ke1 Kxb5 57.Kd2 Kc4
58.Kc2 b5 59.f3 b4 60.Nc1 Kd4 61.g4 f4 62.h5 g5 63.Kb2 b3 64.Ne2+ Ke3 65.Ng1 h6
66.Ka3 Kf2 67.Nh3+ Kxf3 68.Nxg5+ Kxg4 69.Ne4 f3 70.Nd2 f2  0-1

[Event "ch-SUI"]
[Site "Graechen SUI"]
[Date "2009.07.11"]
[Round "3"]
[White "Benkovic,P"]
[Black "Contin,D"]
[Result "1-0"]
[WhiteElo "2456"]
[BlackElo "2279"]

1.d4 Nf6 2.c4 e6 3.Nf3 b6 4.g3 Ba6 5.b3 Bb4+ 6.Bd2 Be7 7.Bg2 d5 8.cxd5 Nxd5
9.Nc3 O-O 10.O-O c5 11.dxc5 Bxc5 12.Nxd5 exd5 13.b4 Be7 14.Rb1 Bf6 15.b5 Bc8
16.Bg5 Be6 17.Bxf6 Qxf6 18.Nd4 Rd8 19.Rb3 a5 20.Rf3 Qg6 21.Re3 Ra7 22.f4 Qf6
23.f5 Bc8 24.Qd2 Rc7 25.Rc3 Rxc3 26.Qxc3 Nd7 27.Bxd5 Nc5 28.Qc4 Bb7 29.Nc6 Bxc6
30.bxc6 Kf8 31.Rb1 Qe5 32.e4 Qc7 33.Qb5 Rb8 34.Qb2 f6 35.Qe2 g6 36.Qg4 g5
37.h4 h6 38.Qf3 gxh4 39.gxh4 Ke7 40.Kh1 Rh8 41.Rd1 Rh7 42.Rg1 Qe5 43.Bg8 Rh8
44.Rg7+ Kd8 45.Qd1+ Ke8 46.Qd5 Qxd5 47.exd5  1-0